00531 2200217 4500001002100000008004100021035002000062245007500082100001800157250000600175260002500181300001200206084001400218082000800232650001300240990001200253990001200265990001200277990001200289990001200301INLIS000000000000690 ind  a0010-0424000666 aMengenal Otoritas Jasa Keuangan & Industri Jasa KeuangancMuskar Kasim aKasim, Muskar a1 aJakarta :bOJKc2014 a173 hlm a300 MUS m a300 aNonfiksi a0721852 a0721853 a0721854 a0721855 a0721856